Mario czy Sonic? - Statystyki

Ogólne statystyki
  • Ten quiz został rozwiązany 60 razy
  • Średni wynik to 16 z 19
Statystyki odpowiedzi
Hint Odpowiedź % Poprawnych
94%
92%
92%
92%
90%
90%

90%
88%
88%
88%
88%
85%
85%
85%
85%
85%
81%
73%
58%
Nie znaleziono quizów pasujących do podanych kryteriów
Rozkład punktacji
Procent ludzi z każdym wynikiem
Percentyl według liczby udzielonych odpowiedzi
Twoja historia wyników
Nie rozwiązałeś tego quizu